Togo Díaz : (Registro nro. 11133)

Detalles MARC
000 -LEADER
fixed length control field 01309nam a2200325 4500
001 - CONTROL NUMBER
control field 0000017554
003 - CONTROL NUMBER IDENTIFIER
control field CO-CtgCURN
005 - DATE AND TIME OF LATEST TRANSACTION
control field 20250329191018.0
007 - PHYSICAL DESCRIPTION FIXED FIELD--GENERAL INFORMATION
fixed length control field ta
008 - FIXED-LENGTH DATA ELEMENTS--GENERAL INFORMATION
fixed length control field 160627s1993 000 0 eng d
020 ## - INTERNATIONAL STANDARD BOOK NUMBER
International Standard Book Number 9589082734
040 ## - CATALOGING SOURCE
Original cataloging agency CO-CtgCURN
Language of cataloging spa
Transcribing agency coctgcurn
082 0# - DEWEY DECIMAL CLASSIFICATION NUMBER
Classification number 720.982
Item number T45
100 1# - MAIN ENTRY--PERSONAL NAME
Personal name Díaz, Togo.
245 10 - TITLE STATEMENT
Title Togo Díaz :
Remainder of title el arquitecto y su ciudad /
Statement of responsibility, etc. coordinador Mauricio Pinilla Acevedo , recopilacion inicial Marcelo Martin , traducción Patricia Anzola , fotografias José I. Díaz, Carlos Legnazzi, Anselmo Pérez.
260 ## - PUBLICATION, DISTRIBUTION, ETC.
Place of publication, distribution, etc. Bogotá :
Name of publisher, distributor, etc. Uniandes. Facultad de Arquitectura,
Date of publication, distribution, etc. 1993.
300 ## - PHYSICAL DESCRIPTION
Extent 178 p.
336 ## - CONTENT TYPE
Source rdacontent
337 ## - MEDIA TYPE
Source rdamedia
Media type term sin mediacion
Media type code n
338 ## - CARRIER TYPE
Source rdacarrier
Carrier type term volumen
Carrier type code nc
490 1# - SERIES STATEMENT
Series statement Colección SomoSur ;
Volume/sequential designation 13
500 ## - GENERAL NOTE
General note Incluye bibliografia.
505 8# - FORMATTED CONTENTS NOTE
Formatted contents note Hacer cuidad desde un ladrillo.--Veinte edificios.--Seis casas.--Pinturas
600 10 - SUBJECT ADDED ENTRY--PERSONAL NAME
Personal name Díaz, Togo
General subdivision Trabajos arquitectonicos.
700 1# - ADDED ENTRY--PERSONAL NAME
Personal name Pinilla Acevedo, Mauricio.
-- Martínez, Marcel.
-- Anzola, Patricia
-- Legnazzi, Carlos
-- Pérez, Anselmo.
908 ## - PUT COMMAND PARAMETER (RLIN)
Put command parameter 160627
942 ## - ADDED ENTRY ELEMENTS (KOHA)
Koha item type Libros
Classification part 720.982
Item part T45
Source of classification or shelving scheme Dewey Decimal Classification
Existencias
Withdrawn status Lost status Source of classification or shelving scheme Damaged status Not for loan Collection Home library Current library Shelving location Date acquired Inventory number Total checkouts Full call number Barcode Date last seen Copy number Price effective from Koha item type Public note
    Dewey Decimal Classification     General Miguel Henríquez Castañeda Miguel Henríquez Castañeda General 03/29/2025 011941   720.982 T45 011941 03/29/2025 ej.1 03/29/2025 Libros 720-ARQPAI
    Dewey Decimal Classification     General Miguel Henríquez Castañeda Miguel Henríquez Castañeda General 03/29/2025 011942   720.982 T45 011942 03/29/2025 ej.2 03/29/2025 Libros 720-ARQPAI